000 00301nam a2200109Ia 4500
008 220204s9999 xx 000 0 und d
082 _a641
_bREV
245 0 _aReviews in food technology. V 1 and V 3
260 _aMysore
_bAssociation of food technology
_c1962
650 _aFood technology
942 _cBK
999 _c20266
_d20266